00522nam a22001697a 450000500170000001000150001702000260003203500130005803700130007108200110008410000250009524500600012026000480018027000800022830000250030850000190033320151127104213.0 aENG-114157 c350.00a9789350352540 aEN-97689 bDBAD/PUB a342.54 aTonapi, Veena Madhav aTextbook on constitutional law /cby Veena Madav Tonapi aNew Delhi bUniversal Law Publishing c2013 aC-FF-1A, Dilkhush Industrial Estate, G.T. Karnal Road, bNew Delhi e110033 alii,384p.c25cm(pbk) aIncludes index